Guess the Harry Potter Movies by Scene #8 - Statistics

General Stats
  • This quiz has been taken 118 times
  • The average score is 17 of 20
Answer Stats
Picture Answer % Correct
Prisoner of Azkaban
96%
Chamber of Secrets
92%
Deathly Hallows – Part 1
92%
Deathly Hallows – Part 2
92%
Philosopher's Stone
92%
Prisoner of Azkaban
92%
Deathly Hallows – Part 1
88%
Deathly Hallows – Part 1
88%
Goblet of Fire
88%
Half-Blood Prince
88%
Half-Blood Prince
88%
Prisoner of Azkaban
88%
Goblet of Fire
85%
Half-Blood Prince
85%
Half-Blood Prince
85%
Order of the Phoenix
85%
Deathly Hallows – Part 2
81%
Goblet of Fire
81%
Order of the Phoenix
81%
Prisoner of Azkaban
77%
No matching quizzes found
Score Distribution
Percent of People with Each Score
Percentile by Number Answered
Your Score History
You have not taken this quiz